K odpisovaniu majetku od 1.1. 2015

Dňa 1.1. 2015 nadobudla účinnosť ďalšia novela zákona č. 595/2003 Z.z. o dani z príjmov v znení neskorších predpisov zákon č. 333/2014 Z.z. Od uvedeného dátumu dochádza k významým zmenám v odpisovaní majetku. Informácia o najvýznamnejších zmenách.

Salvato in:
Dettagli Bibliografici
Autore principale: Jarinkovičová, Valéria
Natura: Capitolo di libro
Lingua:slovacco
Soggetti:
Tags: Aggiungi Tag
Nessun Tag, puoi essere il primo ad aggiungerne!!

MARC

LEADER 00000naa a2200000 4500
001 0205829
005 20231207113229.9
041 0 |a slo 
044 |a SK 
245 1 0 |a K odpisovaniu majetku od 1.1. 2015  |c Valéria Jarinkovičová 
520 |a Dňa 1.1. 2015 nadobudla účinnosť ďalšia novela zákona č. 595/2003 Z.z. o dani z príjmov v znení neskorších predpisov zákon č. 333/2014 Z.z. Od uvedeného dátumu dochádza k významým zmenám v odpisovaní majetku. Informácia o najvýznamnejších zmenách. 
610 2 0 |a novelizácia 
610 2 0 |a dane z príjmov 
610 2 0 |a odpisy daňové 
610 2 0 |a majetok nehmotný 
610 2 0 |a majetok hmotný 
610 2 0 |a Slovensko 
100 1 |a Jarinkovičová, Valéria